书目信息 |
| 题名: |
深探之旅
|
|
| 作者: | ;深部探测关键仪器装备研制与实验(SinoProbe-09)项目组 著 | |
| 分册: | ||
| 出版信息: | 北京 中国经济出版社 2016.12 |
|
| 页数: | 271页 | |
| 开本: | 24cm | |
| 丛书名: | ||
| 单 册: | ||
| 中图分类: | P183.2 | |
| 科图分类: | ||
| 主题词: | 地球内部--探测技术--研究 | |
| 电子资源: | ||
| ISBN: | 978-7-5136-4398-6 | |
| 000 | 00928nam0 2200229 450 | |
| 001 | 15 | |
| 005 | 20180920162435.74 | |
| 010 | @a978-7-5136-4398-6@dCNY98.00 | |
| 100 | @a20170524d2016 em y0chiy0110 ea | |
| 101 | 0 | @achi |
| 102 | @aCN@b110000 | |
| 105 | @aa z 000yy | |
| 200 | 1 | @a深探之旅@9shen tan zhi lu@dDeep investigation trip@f深部探测关键仪器装备研制与实验(SinoProbe-09)项目组著@zeng |
| 210 | @a北京@c中国经济出版社@d2016.12 | |
| 215 | @a271页@c彩图@d24cm | |
| 330 | @a本书共分五章,内容包括:解密地球深部探测、地球探测大事记、向地心进军、开启地球深部的钥匙、“深部探测”明天更灿烂。 | |
| 510 | 1 | @aDeep investigation trip@zeng |
| 606 | 0 | @a地球内部@x探测技术@x研究 |
| 690 | @aP183.2@v5 | |
| 711 | 02 | @a深部探测关键仪器装备研制与实验(SinoProbe-09)项目组@9shen bu tan ce guan jian yi qi zhuang bei yan zhi yu shi yan (SinoProbe-09) xiang mu zu@4著 |
| 801 | 0 | @aCN@b91MARC@c20170524 |
| 905 | @aMuseLib@dP183.2@e232 | |
| 深探之旅=Deep investigation trip/深部探测关键仪器装备研制与实验(SinoProbe-09)项目组著.-北京:中国经济出版社,2016.12 |
| 271页:彩图;24cm |
| ISBN 978-7-5136-4398-6:CNY98.00 |
| 本书共分五章,内容包括:解密地球深部探测、地球探测大事记、向地心进军、开启地球深部的钥匙、“深部探测”明天更灿烂。 |
| ● |
| 相关链接 |
|
|
|
|
正题名:深探之旅
索取号:P183.2/232
 
预约/预借
| 序号 | 登录号 | 条形码 | 馆藏地/架位号 | 状态 | 备注 |
| 1 | 1117814 | 211178143 | 第二样本阅览室/ [索取号:P183.2/232] | 在馆 | |
| 2 | 1117815 | 211178152 | 第三借阅区/ [索取号:P183.2/232] | 在馆 | |
| 3 | 1117816 | 211178161 | 第三借阅区/ [索取号:P183.2/232] | 在馆 | |
| 4 | 1117817 | 211178170 | 第三借阅区/ [索取号:P183.2/232] | 在馆 | |
| 5 | 1117818 | 211178189 | 第三借阅区/ [索取号:P183.2/232] | 在馆 |